000 00211nam a2200085Ia 4500
008 170617s9999 xx 000 0 und d
100 _aSubrahmanyam- CVS
245 0 _aPharmaceutical Engineering
260 _bVallabh Prakashan
260 _c2009
999 _c15407
_d15407